Football Managers to Club - 2021/2022 - Statistics

General Stats
  • This quiz has been taken 1,018 times
  • The average score is 14 of 28
Answer Stats
Hint Answer % Correct
Liverpool F.C. Jürgen Klopp
94%
Manchester City F.C. Pep Guardiola
91%
Chelsea F.C. Thomas Tuchel
90%
A.S. Roma José Mourinho
89%
Real Madrid Carlo Ancelotti
85%
Arsenal F.C. Mikel Arteta
85%
PSG Mauricio Pochettino
82%
FC Barcelona Ronald Koeman
76%
Manchester United F.C. Ole Gunnar Solskjær
74%
Atlético Madrid Diego Simeone
70%
Leicester City F.C. Brendan Rodgers
64%
Tottenham Hotspur F.C. Nuno Espírito Santo
63%
Juventus F.C. Massimiliano Allegri
61%
AFC Ajax Erik ten Hag
56%
FC Bayern Munich Julian Nagelsmann
51%
Everton FC Rafael Benítez
50%
Inter Milan Simone Inzaghi
44%
Borussia Dortmund Marco Rose
26%
AC Milan Stefano Pioli
26%
Wolverhampton Wanderers F.C. Bruno Lage
24%
Sevilla FC Julen Lopetegui
24%
S.S.C. Napoli Luciano Spalletti
23%
AS Monaco Niko Kovač
18%
S.L. Benfica Jorge Jesus
15%
FC Porto Sérgio Conceição
15%
Sporting CP Rúben Amorim
10%
Valencia CF José Bordalás
6%
Fenerbahçe S.K. Vítor Pereira
3%
No matching quizzes found
Score Distribution
Percent of People with Each Score
Percentile by Number Answered
Your Score History
You have not taken this quiz